Danse avec les stars - Candidats.es de la Star Academy - Statistiques

Statistiques générales
  • Ce quiz a été pris 213 fois
    161 depuis la dernière actualisation
  • Le résultat moyen est 4 sur 6
Statistiques - réponses
Partenaires Candidats.es % Correct
Dorian Rollin Saison 15 Emma
99%
Elsa Bois Saison 15 Julien Lieb
98%
Jordan Mouillerac Saison 14 Lénie
98%
Christophe Licata Saison 15 Lucie Bernardoni
86%
Adrien Caby Saison 13 Adeline Toniutti
37%
Maxime Dereymez Saison 1 Sofia Essaïdi
28%
Aucun quiz correspondant
Distribution des résultats
% des personnes avec chaque résultat
Percentile par nombre de réponses
Votre historique - résultats
Vous n’avez pas pris ce quiz depuis la dernière actualisation